00864nam a2200229 i 450000100060000000300090000600500170001500700030003200800410003510000300007624501260010625000120023226000570024430000280030149000350032970000280036470000360039283000430042885200240047199900170049595201220051281588ES-MaACL20230906174452.0t|041105s1918 sp ||||1| spa d1 aHutchison, Robert.96484010aIndice de tratamiento / cbajo la dirección de Roberto Hutchison y Jaime Sherren ; traducida por Francisco Tous Biaggi. a7ª ed. aBarcelona : bManuel Marín, c1918 (fLa Neotipia) a2 v. : bil. ; c25 cm.1 aGuía del médico práctico1 aSherren, Jaime.91061041 aTous Biaggi, Francisco.91111570 aGuía del médico práctico9182962 aES-MaACLjB-11567-8 c81588d81588 00104070aATENEOMbATENEOMcSPBd2008-01-17eSCl0oB-11567-8p1085283r2023-02-23 00:00:00w2023-02-23yMONOGRAFIA